Migration, education and urban surplus labour (Record no. 51211)

MARC details
000 -LEADER
fixed length control field 00592nam a2200157 a 4500
008 - FIXED-LENGTH DATA ELEMENTS--GENERAL INFORMATION
fixed length control field 120416s1976 ||||||||||||||||| || u
050 ## - LIBRARY OF CONGRESS CALL NUMBER
Classification number HB 2122.9 Bar
100 ## - MAIN ENTRY--PERSONAL NAME
Personal name Barnum, Howard Nelch
245 10 - TITLE STATEMENT
Title Migration, education and urban surplus labour
246 ## - VARYING FORM OF TITLE
Title proper/short title the case of Tanzania
260 ## - PUBLICATION, DISTRIBUTION, ETC.
Place of publication, distribution, etc. Paris
Name of publisher, distributor, etc. Development Centre of the Organisation f
Date of publication, distribution, etc. 1976
300 ## - PHYSICAL DESCRIPTION
Extent 115p. : ill
350 ## - PRICE (NR) (BK AM CF MU VM SE) [OBSOLETE]
Price 0.00
650 ## - SUBJECT ADDED ENTRY--TOPICAL TERM
Topical term or geographic name entry element MIGRATION--TANZANIA
995 ## - RECOMMENDATION 995 [LOCAL, UNIMARC FRANCE]
-- 0.00
-- CBU-MAIN LIBRARY (Kitwe)
-- 1
-- 0.00
-- 1
-- AVAILABLE
-- Annex Low-Usage Collection
Holdings
Withdrawn status Lost status Source of classification or shelving scheme Damaged status Not for loan Home library Current library Shelving location Date acquired Total Checkouts Full call number Barcode Date last seen Price effective from Koha item type
          CBU-MAIN LIBRARY, KITWE. CBU-MAIN LIBRARY, KITWE.   11/30/2022   HB 2122.9 Bar 002598 11/30/2022 11/30/2022 MONOGRAPH